书目信息 |
| 题名: |
渴望生活
|
|
| 作者: | 杨澜 主编 | |
| 分册: | ||
| 出版信息: | 北京 现代出版社 1999.5 |
|
| 页数: | 315页 | |
| 开本: | 32开 | |
| 丛书名: | 现代·凤凰丛书 | |
| 单 册: | ||
| 中图分类: | I235.2 | |
| 科图分类: | ||
| 主题词: | 戏剧文学--剧本--中国 | |
| 电子资源: | ||
| ISBN: | 7-80028-520-0 | |
| 000 | 00675nam0 2200229 45 | |
| 001 | 0103201623 | |
| 005 | 20031219104049.0 | |
| 010 | @a7-80028-520-0@dCNY20.00 | |
| 100 | @a20010320d1999 km y0chiy0120 ea | |
| 101 | 0 | @achi |
| 105 | @a z 000yy | |
| 200 | 1 | @a渴望生活@AKe Wang Sheng Huo@f杨澜主编@FYang Lan Zhu Bian |
| 210 | @a北京@c现代出版社@d1999.5 | |
| 215 | @a315页@d32开 | |
| 225 | @a现代·凤凰丛书@f杨澜工作室编 | |
| 410 | @12001 @a现代·凤凰丛书 | |
| 410 | @1700 0@a杨澜工作室@AYang Lan Gong Zuo Shi@4编 | |
| 606 | 0 | @a戏剧文学@x剧本@y中国 |
| 690 | @aI235.2@v3 | |
| 701 | 0 | @a杨澜@4主编 |
| 801 | @aCN@bTSTC@c20020429 | |
| 905 | @b295789-793@dI235.2@e110@f5 | |
| 渴望生活/杨澜主编.-北京:现代出版社,1999.5 |
| 315页;32开.-(现代·凤凰丛书/杨澜工作室编) |
| ISBN 7-80028-520-0:CNY20.00 |
| ● |
| 相关链接 |
|
|
|
|
正题名:渴望生活
索取号:I235.2/110
 
预约/预借
| 序号 | 登录号 | 条形码 | 馆藏地/架位号 | 状态 | 备注 |
| 1 | 0295789 | 002957893 | 第二借阅区/ [索取号:I235.2/110] | 在馆 | |
| 2 | 0295790 | 002957900 | 第二借阅区/ [索取号:I235.2/110] | 在馆 | |
| 3 | 0295791 | 002957919 | 第二借阅区/ [索取号:I235.2/110] | 在馆 | |
| 4 | 0295792 | 002957928 | 第二借阅区/ [索取号:I235.2/110] | 在馆 | |
| 5 | 0295793 | 002957937 | 第一样本阅览室/ [索取号:I235.2/110] | 在馆 |